[Event "TV Borken 1 - Südlohner SV 2"]
[Site "Verbandsliga 2016/2017"]
[Date "2016.10.01"]
[Round "2.1"]
[White "Sparwel, Oliver"]
[Black "Schulze-Schwering, Philipp"]
[Result "1/2-1/2"]
[WhiteElo "1905"]
[BlackElo "2039"]
[PlyCount "71"]
[EventDate "2016.??.??"]
[SourceDate "2016.09.26"]

1. d4 Nf6 2. Nf3 e6 3. c4 d5 4. e3 b6 5. Nc3 Bb7 6. b3 Bb4 7. Bb2 Ne4 8. Qc2
Nd7 9. a3 Be7 10. cxd5 exd5 11. Bd3 f5 12. O-O O-O 13. Ne5 Nxe5 14. dxe5 Nxc3
15. Bxc3 Qd7 16. f4 c5 17. Be2 Rad8 18. Rfd1 Qe6 19. Bf3 Rd7 20. b4 Rc8 21. Qb3
c4 22. Qb2 a6 23. Qe2 Bf8 24. g4 g6 25. g5 Kf7 26. h4 Bg7 27. Qg2 Rcd8 28. Ra2
Bc6 29. Rd4 Bb7 30. Rad2 Bc6 31. Kf2 Bb7 32. Qh1 Bc6 33. Qd1 b5 34. Qh1 Bb7 35.
Qd1 Bc6 36. Qh1 1/2-1/2

[Event "TV Borken 1 - Südlohner SV 2"]
[Site "Verbandsliga 2016/2017"]
[Date "2016.10.01"]
[Round "2.2"]
[White "Beckmann, David"]
[Black "Richters, Alfred"]
[Result "1/2-1/2"]
[WhiteElo "1977"]
[BlackElo "1885"]
[PlyCount "42"]
[EventDate "2016.??.??"]
[SourceDate "2016.09.26"]

1. Nf3 e6 2. c4 f5 3. g3 Nf6 4. Bg2 Be7 5. O-O O-O 6. d4 d6 7. Nc3 Qe8 8. b3
Nbd7 9. Bb2 Qh5 10. Qc2 Ng4 11. h3 Nh6 12. Nh2 e5 13. Nd5 Bd8 14. dxe5 Nxe5 15.
Nf4 Qe8 16. Nf3 Bf6 17. Nd4 c6 18. Rad1 g5 19. Nd3 Qg6 20. Nxe5 dxe5 21. Nf3
Nf7 1/2-1/2

[Event "TV Borken 1 - Südlohner SV 2"]
[Site "Verbandsliga 2016/2017"]
[Date "2016.10.01"]
[Round "2.3"]
[White "Harbers, Gerard"]
[Black "Farwick, Christian"]
[Result "1/2-1/2"]
[WhiteElo "1872"]
[BlackElo "1795"]
[PlyCount "105"]
[EventDate "2016.??.??"]
[SourceDate "2016.09.26"]

1. e4 c5 2. Nf3 d6 3. d4 cxd4 4. Nxd4 e6 5. Nc3 Be7 6. Be2 Nf6 7. O-O O-O 8.
Be3 Bd7 9. f4 Nc6 10. Qd2 a6 11. Nb3 b5 12. a3 Qc7 13. Bf3 Rac8 14. Rad1 Qb8
15. Ne2 Rfd8 16. Ned4 Nxd4 17. Bxd4 e5 18. Bc3 Bc6 19. Qe3 Nd7 20. Bg4 f6 21.
Be6+ Kh8 22. Kh1 Qb7 23. Na5 Qc7 24. Nxc6 Qxc6 25. Ba5 Nf8 26. Bxd8 Rxd8 27.
Bb3 exf4 28. Qxf4 Ng6 29. Qf5 Ne5 30. Qe6 Qd7 31. Qxd7 Rxd7 32. h3 g6 33. Rd5
Kg7 34. a4 bxa4 35. Bxa4 Rb7 36. Bb3 Rb6 37. Ra1 Nd7 38. Ra2 Nc5 39. Rd4 Bd8
40. Bd5 a5 41. b3 Rb8 42. Ra1 f5 43. Re1 Bf6 44. Rdd1 f4 45. Kg1 h5 46. Ra1
Bxa1 47. Rxa1 Re8 48. Rxa5 Nxe4 49. Ra6 Nc3 50. Rxd6 Re2 51. Bf3 Rxc2 52. Rd4
Rb2 53. Rxf4 1/2-1/2

[Event "TV Borken 1 - Südlohner SV 2"]
[Site "Verbandsliga 2016/2017"]
[Date "2016.10.01"]
[Round "2.4"]
[White "Vijayakumaran, Vithoosan"]
[Black "Schmeing, Manfred"]
[Result "1-0"]
[WhiteElo "1736"]
[BlackElo "1765"]
[PlyCount "89"]
[EventDate "2016.??.??"]
[SourceDate "2016.09.26"]

1. b3 e5 2. Bb2 Nc6 3. e3 d6 4. Bb5 a6 5. Bxc6+ bxc6 6. d4 e4 7. h4 Nf6 8. Ne2
d5 9. Nbc3 Bg4 10. Qd2 Bd6 11. O-O-O Qe7 12. Na4 O-O 13. Kb1 h5 14. Rc1 Be6 15.
g3 Rfb8 16. Nf4 Bg4 17. c4 Ba3 18. cxd5 Bxb2 19. Nxb2 cxd5 20. Qa5 Rb7 21. Nxd5
Nxd5 22. Qxd5 Rab8 23. Qc5 Qf6 24. Rc2 Be6 25. Rhc1 Qd8 26. Qe5 Qd6 27. Qxd6
cxd6 28. Rc6 a5 29. R1c2 d5 30. R2c5 Rb5 31. Rxb5 Rxb5 32. Rc5 Bd7 33. Kc2 Kf8
34. Kc3 Ke7 35. Rxb5 Bxb5 36. a4 Bc6 37. b4 axb4+ 38. Kxb4 Ke6 39. Kc5 Ba8 40.
a5 Kf5 41. Na4 Kg4 42. Nb6 Bb7 43. Nxd5 Kf3 44. Nc3 Kxf2 45. d5 1-0

[Event "TV Borken 1 - Südlohner SV 2"]
[Site "Verbandsliga 2016/2017"]
[Date "2016.10.01"]
[Round "2.5"]
[White "Musholt, Joachim"]
[Black "Theißen, Frank"]
[Result "1-0"]
[WhiteElo "1677"]
[BlackElo "1748"]
[PlyCount "69"]
[EventDate "2016.??.??"]
[SourceDate "2016.09.26"]

1. e4 e6 2. d4 d5 3. Nc3 dxe4 4. Nxe4 Bd7 5. Nf3 Bc6 6. Bd3 Nd7 7. Qe2 Ngf6 8.
Bd2 Nxe4 9. Bxe4 Bxe4 10. Qxe4 c6 11. O-O-O Nf6 12. Qe2 Qd5 13. c4 Qe4 14. Rhe1
Qxe2 15. Rxe2 Be7 16. Bc3 O-O-O 17. Ne5 Rhf8 18. b4 Kc7 19. Kc2 b5 20. a4 bxc4
21. b5 Nd5 22. Ba5+ Nb6 23. Nxc6 Rd7 24. Nxe7 Rxe7 25. Bb4 Rfe8 26. Bxe7 Rxe7
27. d5 Nc8 28. dxe6 Rxe6 29. Rxe6 fxe6 30. Kc3 Nd6 31. Re1 Kd7 32. Kb4 h6 33.
h4 Nf5 34. h5 Nd4 35. Kxc4 1-0

[Event "TV Borken 1 - Südlohner SV 2"]
[Site "Verbandsliga 2016/2017"]
[Date "2016.10.01"]
[Round "2.6"]
[White "Rickert, Berthold"]
[Black "van de Laar, Han"]
[Result "1/2-1/2"]
[WhiteElo "1743"]
[BlackElo "1634"]
[PlyCount "36"]
[EventDate "2016.??.??"]
[SourceDate "2016.09.26"]

1. c4 c5 2. Nc3 Nf6 3. g3 Nc6 4. Bg2 e5 5. d3 Be7 6. f4 d6 7. Nf3 O-O 8. O-O h6
9. e4 Rb8 10. Bd2 a6 11. a4 Re8 12. f5 Nd4 13. h3 Bd7 14. g4 b5 15. axb5 axb5
16. b3 Nxf3+ 17. Bxf3 b4 18. Nd5 Nxd5 1/2-1/2

[Event "TV Borken 1 - Südlohner SV 2"]
[Site "Verbandsliga 2016/2017"]
[Date "2016.10.01"]
[Round "2.7"]
[White "Höing, Johannes"]
[Black "Klüppel, Ralf"]
[Result "1-0"]
[WhiteElo "1798"]
[BlackElo "1729"]
[PlyCount "73"]
[EventDate "2016.??.??"]
[SourceDate "2016.09.26"]

1. Nf3 d5 2. g3 Nf6 3. Bg2 g6 4. c4 Bg7 5. O-O O-O 6. cxd5 Nxd5 7. Nc3 Nxc3 8.
bxc3 Nc6 9. d4 e5 10. e3 Re8 11. a4 Rb8 12. Bb2 Be6 13. Nd2 Qd7 14. Re1 exd4
15. cxd4 Bh3 16. Bxh3 Qxh3 17. Qb3 b6 18. Rac1 Na5 19. Qa2 Rbc8 20. Ba3 h5 21.
Bb4 Nb7 22. Qd5 Nd8 23. a5 Ne6 24. Nf3 Qg4 25. Kg2 Red8 26. Qc6 Ng5 27. Nxg5
Qxg5 28. h4 Qd5+ 29. Qxd5 Rxd5 30. axb6 axb6 31. Rc6 Rb5 32. Bd6 Rb2 33. Bxc7
b5 34. Rec1 Ra8 35. Bd6 Raa2 36. Rb6 Bf8 37. Rb8 1-0

[Event "TV Borken 1 - Südlohner SV 2"]
[Site "Verbandsliga 2016/2017"]
[Date "2016.10.01"]
[Round "2.8"]
[White "Wagner, Nils-Frederic"]
[Black "Schuurmans, Han"]
[Result "1-0"]
[WhiteElo "1637"]
[BlackElo "1542"]
[PlyCount "41"]
[EventDate "2016.??.??"]
[SourceDate "2016.09.26"]

1. c4 d6 2. g3 g6 3. Bg2 Bg7 4. Nc3 Nf6 5. Nf3 O-O 6. O-O c6 7. d4 Nbd7 8. b3
Re8 9. Bb2 Qc7 10. Qd2 e5 11. dxe5 dxe5 12. Rad1 Nf8 13. Ng5 Bf5 14. h3 e4 15.
g4 Bxg4 16. hxg4 Nxg4 17. Qd6 Qa5 18. Qf4 f5 19. Na4 Bh6 20. Bc3 Qa6 21. Qc7
1-0

[Event "SC Rochade Emsdetten 2 - SG Ahaus-Wessu"]
[Site "Verbandsliga 2016/2017"]
[Date "2016.10.01"]
[Round "2.1"]
[White "Rosing, Hermann"]
[Black "Lücke, Thomas"]
[Result "1-0"]
[WhiteElo "1943"]
[BlackElo "1825"]
[PlyCount "107"]
[EventDate "2016.??.??"]
[SourceDate "2016.09.26"]

1. e4 c6 2. d4 d5 3. f3 e6 4. Nc3 Nf6 5. Bf4 Bb4 6. Qd3 b6 7. Nge2 Ba6 8. Qe3
Nh5 9. Bg5 Be7 10. Bxe7 Qxe7 11. O-O-O h6 12. Kb1 Nf6 13. Nf4 Bxf1 14. Rhxf1
Na6 15. Rfe1 Nc7 16. h3 O-O-O 17. Nd3 Kb7 18. a3 Nd7 19. Na4 Qg5 20. Qf2 h5 21.
c3 Rh6 22. Qc2 Rg6 23. Re2 h4 24. Ka1 Rh8 25. Qb3 Qf6 26. Nac5+ Nxc5 27. Nxc5+
Kc8 28. Nd3 Qd8 29. Ne5 Rf6 30. Nxc6 Qd7 31. Ne5 Qe8 32. c4 dxe4 33. Rxe4 Rf5
34. Rde1 Rg5 35. R4e2 f6 36. Ng4 Qd7 37. Rd1 Rd8 38. Red2 Qc6 39. Ne3 Qd6 40.
Rc2 Qf4 41. Rcd2 Rd7 42. Qc3 Kb8 43. d5 exd5 44. cxd5 Re5 45. Qc6 Rd8 46. Nc4
Rg5 47. Rd4 Qg3 48. f4 Rgxd5 49. Rxd5 Rxd5 50. Rxd5 Nxd5 51. Qxd5 Qxf4 52. Nd6
Qc1+ 53. Ka2 Qc7 54. Qg8+ 1-0

[Event "SC Rochade Emsdetten 2 - SG Ahaus-Wessu"]
[Site "Verbandsliga 2016/2017"]
[Date "2016.10.01"]
[Round "2.2"]
[White "Hedwig, Johannes"]
[Black "Bauland, Thomas"]
[Result "0-1"]
[WhiteElo "1784"]
[BlackElo "1861"]
[PlyCount "80"]
[EventDate "2016.??.??"]
[SourceDate "2016.09.26"]

1. e4 e6 2. d4 d5 3. exd5 exd5 4. Nf3 Bd6 5. Bd3 Nc6 6. c3 Nge7 7. O-O Bg4 8.
Be3 Qd7 9. Nbd2 O-O-O 10. b4 Nf5 11. Qa4 Kb8 12. Bb5 a6 13. Bxc6 Qxc6 14. Qxc6
bxc6 15. h3 Bh5 16. Rfe1 Nxe3 17. Rxe3 f6 18. Rae1 Rhe8 19. Rxe8 Rxe8 20. Rxe8+
Bxe8 21. g3 Bg6 22. Kg2 Kb7 23. Nb3 Kb6 24. Nfd2 Kb5 25. Kf3 Ka4 26. Na5 Ka3
27. Nxc6 Be8 28. Na5 Kxa2 29. Nb7 Be7 30. Nc5 Bxc5 31. dxc5 Kb2 32. c4 Kc3 33.
Ke3 dxc4 34. Ne4+ Kxb4 35. Kd4 a5 36. Nc3 a4 37. Nd5+ Kb3 38. Nxc7 Bc6 39. Nd5
Bxd5 40. Kxd5 c3 0-1

[Event "SC Rochade Emsdetten 2 - SG Ahaus-Wessu"]
[Site "Verbandsliga 2016/2017"]
[Date "2016.10.01"]
[Round "2.3"]
[White "Diehlmann, Christian"]
[Black "Nöring, Andreas"]
[Result "1-0"]
[WhiteElo "1880"]
[BlackElo "1836"]
[PlyCount "53"]
[EventDate "2016.??.??"]
[SourceDate "2016.09.26"]

1. d4 d5 2. c4 dxc4 3. e3 Nf6 4. Bxc4 e6 5. Nf3 Be7 6. O-O Nbd7 7. Nc3 O-O 8.
b3 b6 9. Bb2 Bb7 10. Qe2 Ne4 11. Rac1 Bf6 12. Rfd1 Qe7 13. Bb5 Rfd8 14. Nxe4
Bxe4 15. Rxc7 Qd6 16. Rdc1 Nc5 17. Nd2 Bb7 18. R1xc5 bxc5 19. Rxb7 cxd4 20. Ne4
Qe5 21. Nxf6+ Qxf6 22. Bxd4 Qf5 23. Bd3 Qd5 24. Rb5 Qd6 25. Qg4 g6 26. Qg5 e5
27. Qxe5 1-0

[Event "SC Rochade Emsdetten 2 - SG Ahaus-Wessu"]
[Site "Verbandsliga 2016/2017"]
[Date "2016.10.01"]
[Round "2.4"]
[White "Fehlings, Gerd"]
[Black "ter Horst, Carsten"]
[Result "1-0"]
[WhiteElo "1753"]
[BlackElo "1847"]
[PlyCount "121"]
[EventDate "2016.??.??"]
[SourceDate "2016.09.26"]

1. d4 d5 2. e3 Nf6 3. Bd3 e6 4. c3 c5 5. f4 Nbd7 6. Nf3 g6 7. O-O Bg7 8. Nbd2
O-O 9. Qe2 a6 10. Ne5 b5 11. Ndf3 Bb7 12. Bd2 Ne4 13. Be1 Nb6 14. Nd2 Rc8 15.
Bxe4 dxe4 16. Nb3 cxd4 17. cxd4 Bd5 18. Rf2 f6 19. Bb4 Re8 20. Nxg6 hxg6 21.
Qg4 Kf7 22. Nc5 f5 23. Qg3 Bf6 24. Re2 Bc4 25. Nb7 Bxe2 26. Nxd8+ Rexd8 27. Ba5
Rd6 28. Qe1 Bd3 29. Bxb6 Rxb6 30. Rc1 Rbc6 31. Rxc6 Rxc6 32. Qb4 Bd8 33. Qb3
Bc4 34. Qa3 a5 35. b3 Bd3 36. g3 Bc7 37. Kf2 Rc2+ 38. Kg1 Rc6 39. Kf2 Rc2+ 40.
Kg1 Rc3 41. Kf2 a4 42. Qb4 Rc2+ 43. Kg1 Rxa2 44. bxa4 Rxa4 45. Qc5 Rc4 46. Qa7
b4 47. Qb7 Ke7 48. g4 fxg4 49. Kf2 Kd6 50. Kg3 Bc2 51. Qb5 Bd3 52. Qe5+ Kc6 53.
Qxe6+ Kb7 54. Qd5+ Rc6 55. Qb3 Bd6 56. Qf7+ Ka6 57. Qd7 Bb5 58. d5 Bxf4+ 59.
Kxg4 Rb6 60. Qc8+ Rb7 61. Kxf4 1-0

[Event "SC Rochade Emsdetten 2 - SG Ahaus-Wessu"]
[Site "Verbandsliga 2016/2017"]
[Date "2016.10.01"]
[Round "2.5"]
[White "Woltering, Martin"]
[Black "Hemmers, Dieter"]
[Result "0-1"]
[WhiteElo "1789"]
[BlackElo "1782"]
[PlyCount "76"]
[EventDate "2016.??.??"]
[SourceDate "2016.09.26"]

1. e4 c5 2. Nc3 Nc6 3. f4 e6 4. Nf3 g6 5. Bb5 Nge7 6. O-O Bg7 7. Bxc6 Nxc6 8.
e5 d6 9. exd6 Qxd6 10. d3 b6 11. Qe1 O-O 12. Qh4 Qd8 13. Qg3 Nd4 14. Nxd4 Bxd4+
15. Be3 Bg7 16. Rad1 Bb7 17. Qf2 Qc7 18. Bc1 Qc6 19. Ne2 Qa4 20. b3 Qxa2 21.
Rd2 Rad8 22. Rfd1 Rd7 23. Qh4 Rfd8 24. Kh1 b5 25. Qg5 f5 26. h4 Kf7 27. h5 Qa6
28. Ng3 c4 29. bxc4 bxc4 30. Re2 cxd3 31. cxd3 Rxd3 32. Rde1 Qc6 33. hxg6+ hxg6
34. Nxf5 gxf5 35. Rxe6 Rh8+ 36. Kg1 Bd4+ 37. Kf1 Rh1+ 38. Ke2 Rxe1+ 0-1

[Event "SC Rochade Emsdetten 2 - SG Ahaus-Wessu"]
[Site "Verbandsliga 2016/2017"]
[Date "2016.10.01"]
[Round "2.6"]
[White "Wehmeier, Sven"]
[Black "Wensing, Maximilian"]
[Result "1-0"]
[WhiteElo "1776"]
[BlackElo "1780"]
[PlyCount "77"]
[EventDate "2016.??.??"]
[SourceDate "2016.09.26"]

1. e4 c5 2. Nf3 d6 3. d4 cxd4 4. Nxd4 Nf6 5. Nc3 a6 6. Be2 e5 7. Nb3 Be6 8. f4
Qc7 9. f5 Bc4 10. g4 b5 11. g5 b4 12. gxf6 bxc3 13. fxg7 Bxg7 14. Bxc4 Qxc4 15.
Qg4 Bf6 16. bxc3 h5 17. Qf3 Bh4+ 18. Kd2 Rg8 19. Qd3 Qc7 20. Ba3 Bg5+ 21. Ke2
Be7 22. Rhg1 Rxg1 23. Rxg1 Nd7 24. Rg8+ Nf8 25. f6 Rd8 26. fxe7 Qxe7 27. Qxa6
Qh4 28. Qc6+ Ke7 29. Rg2 Ne6 30. Kd1 Qh3 31. Rf2 Qe3 32. Qb7+ Rd7 33. Rxf7+
Kxf7 34. Qxd7+ Kf6 35. Qxd6 Qg1+ 36. Kd2 Qxh2+ 37. Kc1 Qg1+ 38. Kb2 Qg7 39. Nc5
1-0

[Event "SC Rochade Emsdetten 2 - SG Ahaus-Wessu"]
[Site "Verbandsliga 2016/2017"]
[Date "2016.10.01"]
[Round "2.7"]
[White "Terdues, Guido"]
[Black "Schulte, Ralf"]
[Result "1/2-1/2"]
[WhiteElo "1727"]
[BlackElo "1738"]
[PlyCount "40"]
[EventDate "2016.??.??"]
[SourceDate "2016.09.26"]

1. f4 Nf6 2. Nf3 b6 3. b3 Bb7 4. e3 g6 5. Bb2 Bg7 6. Be2 O-O 7. O-O d6 8. c4
Nbd7 9. d4 e6 10. Qe1 Re8 11. Nbd2 c5 12. Qh4 Rc8 13. Rad1 Ne4 14. Nxe4 Qxh4
15. Nxh4 Bxe4 16. g4 Bf6 17. Ng2 d5 18. cxd5 Bxd5 19. Ba6 Rc7 20. e4 Bc6
1/2-1/2

[Event "SC Rochade Emsdetten 2 - SG Ahaus-Wessu"]
[Site "Verbandsliga 2016/2017"]
[Date "2016.10.01"]
[Round "2.8"]
[White "Delere, Adrian"]
[Black "Kemper, Andreas"]
[Result "0-1"]
[WhiteElo "1747"]
[BlackElo "1846"]
[PlyCount "23"]
[EventDate "2016.??.??"]
[SourceDate "2016.09.26"]

1. e4 c5 2. Nf3 e6 3. d4 cxd4 4. Nxd4 Bc5 5. Nb3 Bb6 6. Nc3 Ne7 7. Bc4 O-O 8.
O-O f5 9. e5 Nbc6 10. Bf4 Ng6 11. Bg3 f4 12. Bxf4 0-1

[Event "SF Stadtlohn 1 - SK Münster 4"]
[Site "Verbandsliga 2016/2017"]
[Date "2016.10.01"]
[Round "2.1"]
[White "Haberkamp, Carl"]
[Black "Mullink, Jochem"]
[Result "0-1"]
[WhiteElo "1909"]
[BlackElo "2038"]
[PlyCount "68"]
[EventDate "2016.??.??"]
[SourceDate "2016.09.26"]

1. d4 Nf6 2. c4 g6 3. Nc3 Bg7 4. Nf3 O-O 5. e4 d6 6. Be2 e5 7. O-O Nc6 8. d5
Ne7 9. b4 Nh5 10. g3 f5 11. Ng5 Nf6 12. Bf3 h6 13. Ne6 Bxe6 14. dxe6 fxe4 15.
Bg2 c6 16. Ba3 d5 17. cxd5 cxd5 18. b5 Re8 19. Qb3 Kh7 20. Rfd1 Nf5 21. Nxd5
Nd4 22. Nxf6+ Qxf6 23. Qb2 Rxe6 24. Bxe4 Rb6 25. Bd3 Rc8 26. Rac1 Qf3 27. Bf1
Rc2 28. Rxc2 Qxd1 29. Rc1 Qh5 30. h4 e4 31. Rc7 Qe5 32. Qc1 e3 33. Re7 exf2+
34. Kxf2 Rf6+ 0-1

[Event "SF Stadtlohn 1 - SK Münster 4"]
[Site "Verbandsliga 2016/2017"]
[Date "2016.10.01"]
[Round "2.2"]
[White "Lösing, Henrik"]
[Black "Tietz, Eric"]
[Result "1/2-1/2"]
[WhiteElo "1908"]
[BlackElo "1911"]
[PlyCount "73"]
[EventDate "2016.??.??"]
[SourceDate "2016.09.26"]

1. d4 d5 2. Nf3 e6 3. g3 Nf6 4. Bg2 Nbd7 5. O-O Bd6 6. c4 c6 7. Nc3 O-O 8. b3
Re8 9. Bb2 Qa5 10. a3 Nf8 11. b4 Bxb4 12. axb4 Qxb4 13. Qd2 Qxc4 14. Rfb1 a5
15. Ne5 Qa6 16. e3 Bd7 17. Ba3 b5 18. Bf1 Qa7 19. Bc5 Qc7 20. Rc1 Ng6 21. Nxc6
Bxc6 22. Nxb5 Qd7 23. Nd6 Reb8 24. Rxa5 Ne4 25. Nxe4 dxe4 26. Rca1 Rxa5 27.
Qxa5 h6 28. Qc3 Bd5 29. Ra7 Rb7 30. Qa5 Rxa7 31. Qxa7 Qxa7 32. Bxa7 Nf8 33. Bb5
Nh7 34. Bc5 Ng5 35. Kg2 Nf3 36. Bb4 g6 37. Be2 1/2-1/2

[Event "SF Stadtlohn 1 - SK Münster 4"]
[Site "Verbandsliga 2016/2017"]
[Date "2016.10.01"]
[Round "2.3"]
[White "Schulz, Stefan"]
[Black "Krosenbrink, Marcel"]
[Result "0-1"]
[WhiteElo "1884"]
[BlackElo "1835"]
[PlyCount "114"]
[EventDate "2016.??.??"]
[SourceDate "2016.09.26"]

1. d4 Nf6 2. Nf3 e6 3. g3 b6 4. Bg2 Bb7 5. O-O Be7 6. c4 O-O 7. Nc3 d6 8. Qc2
Nbd7 9. e4 e5 10. Rd1 Qe8 11. dxe5 Nxe5 12. Nxe5 dxe5 13. b3 Bc5 14. h3 c6 15.
Bb2 Nh5 16. Kh2 Qe6 17. Qe2 g6 18. Rd3 Rad8 19. Rad1 Rxd3 20. Rxd3 Bd4 21. Nd1
c5 22. Ne3 Ng7 23. Bc1 Qe7 24. Nd5 Bxd5 25. exd5 f5 26. f3 Qd6 27. Bh6 Rf7 28.
Bxg7 Kxg7 29. Rd1 h5 30. Rh1 h4 31. Qe1 hxg3+ 32. Qxg3 Be3 33. Qe1 e4+ 34. f4
Qxf4+ 35. Qg3 Qh6 36. Qe5+ Kh7 37. Rf1 Bd4 38. Qe6 Qg7 39. Kh1 Re7 40. Qc6 Rc7
41. Qe6 Qd7 42. Qxd7+ Rxd7 43. Re1 Kh6 44. Kh2 Kg5 45. Bf1 Kf4 46. Kg2 Ke5 47.
Be2 Rh7 48. Kg3 g5 49. Rh1 f4+ 50. Kg4 Be3 51. h4 f3 52. Bd1 Rxh4+ 53. Rxh4
gxh4 54. Kxh4 Kf4 55. Kh3 Bd4 56. d6 e3 57. d7 Bf6 0-1

[Event "SF Stadtlohn 1 - SK Münster 4"]
[Site "Verbandsliga 2016/2017"]
[Date "2016.10.01"]
[Round "2.4"]
[White "Te Sligte, Bert"]
[Black "Jansen, Dirk"]
[Result "0-1"]
[WhiteElo "1828"]
[BlackElo "1894"]
[PlyCount "54"]
[EventDate "2016.??.??"]
[SourceDate "2016.09.26"]

1. e4 e6 2. d4 d5 3. Nd2 Nf6 4. e5 Nfd7 5. Bd3 c5 6. c3 Nc6 7. Ngf3 g6 8. O-O
Bg7 9. Re1 O-O 10. Nf1 cxd4 11. cxd4 Qb6 12. Bc2 f6 13. exf6 Nxf6 14. b3 Ng4
15. Be3 Bd7 16. Rc1 Rae8 17. Bb1 Kh8 18. Ng3 Nxe3 19. fxe3 e5 20. Ng5 exd4 21.
exd4 Bxd4+ 22. Kh1 Rxe1+ 23. Qxe1 Be3 24. Nxh7 Kxh7 25. Qd1 Ne7 26. Qh5+ Kg8
27. Bxg6 Qxg6 0-1

[Event "SF Stadtlohn 1 - SK Münster 4"]
[Site "Verbandsliga 2016/2017"]
[Date "2016.10.01"]
[Round "2.5"]
[White "Voß, Norbert"]
[Black "Kloster, Daniel"]
[Result "1-0"]
[WhiteElo "1823"]
[BlackElo "1769"]
[PlyCount "82"]
[EventDate "2016.??.??"]
[SourceDate "2016.09.26"]

1. c4 e5 2. g3 c6 3. d4 exd4 4. Qxd4 Qf6 5. Qe3+ Qe6 6. Nf3 Bb4+ 7. Nc3 Qxe3 8.
Bxe3 Bxc3+ 9. bxc3 Ne7 10. Bc5 d5 11. e3 Be6 12. Nd4 Nd7 13. Ba3 Nb6 14. Nxe6
fxe6 15. cxd5 exd5 16. Rb1 Nec8 17. Bd3 Kd7 18. O-O Kc7 19. Bc5 g6 20. e4 dxe4
21. Bxe4 Nd6 22. Bg2 Ndc4 23. Rbd1 Na4 24. Bd4 Rhe8 25. Bh3 Re2 26. Rfe1 Rxe1+
27. Rxe1 c5 28. Bg7 Kb6 29. Re6+ Kc7 30. Re7+ Kb6 31. Bg2 Rb8 32. Bd5 Na5 33.
Be5 Rc8 34. Rxh7 Nc6 35. Bf6 Rf8 36. Bg7 Rd8 37. c4 Rd7 38. Bg8 Rd8 39. Bf7 Ka5
40. Bxg6 Kb4 41. Bf6 Na5 1-0

[Event "SF Stadtlohn 1 - SK Münster 4"]
[Site "Verbandsliga 2016/2017"]
[Date "2016.10.01"]
[Round "2.6"]
[White "Bußwolder, Peter"]
[Black "Voß, Andreas"]
[Result "1/2-1/2"]
[WhiteElo "1734"]
[BlackElo "1784"]
[PlyCount "84"]
[EventDate "2016.??.??"]
[SourceDate "2016.09.26"]

1. d4 f5 2. c4 Nf6 3. Nc3 e6 4. Nf3 d5 5. e3 c6 6. Be2 Nbd7 7. O-O Bd6 8. Ne1
O-O 9. f4 Ne4 10. Nf3 Ndf6 11. Bd2 a5 12. c5 Nxc3 13. Bxc3 Be7 14. Qc2 b6 15.
b4 Ng4 16. Qd2 axb4 17. Bxb4 bxc5 18. dxc5 Nf6 19. Bd3 Ba6 20. Bxa6 Rxa6 21.
Nd4 Qd7 22. Qd3 Rfa8 23. a3 Ne4 24. Rac1 Bf6 25. Rc2 g6 26. Nf3 Qc7 27. g3 Kf7
28. Kg2 Ra4 29. Nd2 Nxd2 30. Rxd2 Kg7 31. h3 e5 32. Re1 e4 33. Qb3 h5 34. h4
Qb7 35. Rb1 Qb5 36. Qc2 Qa6 37. Kf2 Kf7 38. Rb3 Rd8 39. Qd1 Qc4 40. Rb1 Qa6 41.
Qe2 Qc8 42. Qd1 Qa6 1/2-1/2

[Event "SF Stadtlohn 1 - SK Münster 4"]
[Site "Verbandsliga 2016/2017"]
[Date "2016.10.01"]
[Round "2.7"]
[White "Börger, Andreas"]
[Black "Hötzel, Michael"]
[Result "1/2-1/2"]
[WhiteElo "1782"]
[BlackElo "1506"]
[PlyCount "73"]
[EventDate "2016.??.??"]
[SourceDate "2016.09.26"]

1. e4 e5 2. c4 Nf6 3. Nc3 Bc5 4. d3 h6 5. h3 Nc6 6. g4 d6 7. Bg2 Be6 8. Nge2
Qd7 9. Ng3 a6 10. Be3 Bd4 11. Qd2 O-O-O 12. Nge2 h5 13. g5 Nh7 14. f4 Bxe3 15.
Qxe3 exf4 16. Qxf4 Ne5 17. O-O-O Qe7 18. h4 Rhf8 19. Nd4 Bg4 20. Bh3 g6 21.
Bxg4+ Nxg4 22. Rdf1 Ne5 23. Qg3 c6 24. Kc2 f6 25. gxf6 Nxf6 26. Qg5 Rf7 27. Rf4
Nfg4 28. Qxe7 Rxe7 29. Kd2 Rf7 30. Rxf7 Nxf7 31. Rf1 Nfe5 32. Ne6 Re8 33. Ng5
Re7 34. b3 c5 35. Rf8+ Kd7 36. Nd5 Re8 37. Nf6+ 1/2-1/2

[Event "SF Stadtlohn 1 - SK Münster 4"]
[Site "Verbandsliga 2016/2017"]
[Date "2016.10.01"]
[Round "2.8"]
[White "Schley, Robert"]
[Black "Sokolowski, Cyril"]
[Result "1/2-1/2"]
[WhiteElo "1510"]
[BlackElo "1760"]
[PlyCount "141"]
[EventDate "2016.??.??"]
[SourceDate "2016.09.26"]

1. e4 d5 2. exd5 Qxd5 3. Nf3 Bf5 4. Be2 e6 5. d3 Nf6 6. O-O c6 7. b3 Be7 8. Bb2
O-O 9. Nc3 Qa5 10. a3 h6 11. Re1 Nbd7 12. h3 Rfd8 13. Bf1 Rac8 14. Qe2 Qc7 15.
Ne4 Nd5 16. Ng3 Bh7 17. b4 c5 18. b5 Bf6 19. Ne5 Nxe5 20. Bxe5 Bxe5 21. Qxe5
Qxe5 22. Rxe5 Nc3 23. a4 Rd4 24. Ra3 Nb1 25. Rb3 Nd2 26. Ra3 c4 27. dxc4 Nxf1
28. Kxf1 Rdxc4 29. c3 Rxc3 30. Re3 Rxe3 31. fxe3 Rc4 32. Ne2 Bc2 33. Nc3 Kf8
34. Ke2 Ke7 35. Kd2 Bg6 36. Rb3 f6 37. a5 Rc5 38. Rb4 Rg5 39. g4 h5 40. Rc4 Kd7
41. b6 Rxa5 42. Rc7+ Kd8 43. Rxb7 axb6 44. Rxb6 hxg4 45. hxg4 Rg5 46. Rxe6 Rxg4
47. Rb6 Rg2+ 48. Ke1 Bh5 49. Rd6+ Ke7 50. Rd2 Rxd2 51. Kxd2 Kd6 52. e4 Ke5 53.
Ke3 Be8 54. Ne2 Bc6 55. Ng3 g6 56. Kd3 Kf4 57. Ne2+ Kg4 58. Ke3 g5 59. Nd4 Bb7
60. Nf5 Bc8 61. Ne7 Be6 62. Nc6 Kh3 63. Nd4 Bd7 64. Ne2 g4 65. Kf4 Kg2 66. Ng3
Kf2 67. Nh5 Bc8 68. Ng3 Bb7 69. Kxg4 Bxe4 70. Nxe4+ Ke1 71. Nxf6 1/2-1/2

[Event "SV Heiden 1 - SF Telgte 1"]
[Site "Verbandsliga 2016/2017"]
[Date "2016.10.01"]
[Round "2.1"]
[White "Muth, Josef"]
[Black "Wienen, Hermann"]
[Result "1-0"]
[WhiteElo "1978"]
[BlackElo "1965"]
[PlyCount "127"]
[EventDate "2016.??.??"]
[SourceDate "2016.09.26"]

1. d4 Nf6 2. Nf3 d5 3. g3 g6 4. Bg2 Bg7 5. O-O O-O 6. c4 dxc4 7. Na3 Nc6 8.
Nxc4 Bg4 9. Nfe5 Nxd4 10. Nxg4 Nxg4 11. e3 h5 12. exd4 Bxd4 13. Ne3 Bxe3 14.
Bxe3 Qc8 15. Qb3 c6 16. Bc5 Qc7 17. Rad1 b6 18. Be3 Rad8 19. Bf4 e5 20. Bg5 Rd6
21. h3 Nf6 22. Rxd6 Qxd6 23. Bxf6 Qxf6 24. Qf3 Qe6 25. Qxc6 Qf5 26. Qe4 Qf6 27.
Rd1 Rc8 28. h4 Rc7 29. Qd3 Kg7 30. b4 Rc8 31. a4 a5 32. bxa5 bxa5 33. Be4 Qe7
34. Qd6 Qxd6 35. Rxd6 Rc4 36. Bc6 f5 37. Bb5 Rc3 38. Kg2 e4 39. Kf1 f4 40. gxf4
Rf3 41. Be8 e3 42. Rxg6+ Kf8 43. Re6 Rxf2+ 44. Ke1 Rxf4 45. Rxe3 Kg7 46. Ke2
Rb4 47. Kd3 Kf8 48. Bc6 Rxh4 49. Re5 Rh3+ 50. Kd4 Rh4+ 51. Be4 Rh2 52. Rxa5 h4
53. Rh5 h3 54. a5 Ra2 55. Kc3 h2 56. Kb4 Ke7 57. Kb5 Kd6 58. Kb6 Rb2+ 59. Ka7
Rb4 60. Bh1 Rb2 61. a6 Kc7 62. Rh7+ Kd8 63. Bb7 Rb1 64. Rxh2 1-0

[Event "SV Heiden 1 - SF Telgte 1"]
[Site "Verbandsliga 2016/2017"]
[Date "2016.10.01"]
[Round "2.2"]
[White "Berger, Alfred"]
[Black "Hackl-Sommer, René"]
[Result "1/2-1/2"]
[WhiteElo "1956"]
[BlackElo "1986"]
[PlyCount "82"]
[EventDate "2016.??.??"]
[SourceDate "2016.09.26"]

1. d4 f5 2. Nc3 g6 3. e4 fxe4 4. Nxe4 Bg7 5. c3 d5 6. Nc5 Nh6 7. Bf4 O-O 8. Qd2
Nf7 9. Nf3 Nc6 10. Nd3 Bf5 11. Qe3 Re8 12. Nde5 Nfxe5 13. Nxe5 Nxe5 14. Bxe5
Bxe5 15. Qxe5 Qd6 16. Qxd6 exd6+ 17. Kd2 Kf7 18. Bb5 Re7 19. Rae1 c6 20. Rxe7+
Kxe7 21. Re1+ Kf6 22. Ba4 h5 23. Bd1 Rh8 24. h4 Bd7 25. Re3 Bf5 26. Rf3 Ke6 27.
Rg3 Kf6 28. Be2 Re8 29. Re3 Rh8 30. Rf3 Ke6 31. Bd3 Be4 32. Re3 Kf5 33. Rf3+
Ke6 34. Rf4 Bf5 35. Bxf5+ gxf5 36. Rf3 Rg8 37. Rg3 Rxg3 38. fxg3 Kf6 39. Ke3
Kg6 40. Kf4 Kf6 41. Ke3 Ke6 1/2-1/2